| 000 | 00862nam a22002777a 4500 | ||
|---|---|---|---|
| 001 | BR9002363 | ||
| 003 | BR-BrBNA | ||
| 005 | 20230928093445.0 | ||
| 007 | ta | ||
| 008 | 230509b bl.||||| |||| 00| 0 por d | ||
| 040 |
_aBR-BrBNA _bpor _cBiblioteca Nacional de Agricultura |
||
| 041 | _a(Por) | ||
| 072 |
_aQ60 _b0240 _b8961 |
||
| 090 | _ 0240 BR9002363 | ||
| 100 | 1 | _aFioretto, R.A. | |
| 110 | 1 | _aUniversidade Estadual de Londrina, PR (Brasil). Centro de Ciencias Agrarias | |
| 245 | 1 | _aManejo varietal do sorgo sacarino (Sorghum bicolor, (L.)- Moench)para producao de alcool em microdestilarias | |
| 260 | 3 |
_aLondrina, PR (Brasil): _c1989. |
|
| 300 | _a23 p. | ||
| 500 | _aSummaries (Eng, Por); 6 ref.; 9 graphs | ||
| 650 | _aSORGO ACUCAREIRO | ||
| 650 | _aALCOOL | ||
| 650 | _aDESTILARIA | ||
| 909 |
_a202309 _bLucia _c55 _dLucia Elande |
||
| 942 | _cBK | ||
| 999 |
_c45112 _d45112 |
||